000 00518nam a2200193Ia 4500
003 OSt
005 20221007083123.0
006 a|||||r|||| 00| 0
007 ta
008 221006b |||||||| |||| 00| 0 eng d
024 _a22,690
037 _cDissertations
040 _aFLL
_cFLL
_beng
041 _2eng
_aeng
100 _aBora Dhyan Singh
_9566618
245 0 _aJudicial control of administrative discretio, to detain a citizen.
942 _cDIS
_2CC
999 _c1168884
_d1168884